01087nam a2200169 a 450000500170000000800410001704100080005804400070006610000330007324501440010626000590025030000100030952005160031965000290083565000330086465000200089720140929115901.0140123b2005 ck ||||| |||| 00| 0 spa d aspa ack aHenao Bañol, Efrain Reinel aCuraduría de la colección Lepidopterológica del IAvH-E con énfasis en los ejemplares colectados por el Doctor Ernesto Schmit - Mumm aVilla de LeyvabInstituto Alexander von Humboldtc2005 a29 p. aEl objetivo de este trabajo fue seleccionar, organizar, determinar, rotular y sistematizar la información de ejemplares de mariposas de las colección del IAvH, almacenados en sobres en el Instituto. Se lograron los objetivos con 1020 ejemplares de mariposas correspondientes a 6 familias, 162 géros y 348 especies, quedando por confirmar con especialistas cuatro especies y dos subespecies con probabilidades de ser nuevos registros o nuevas especies. Se realizó la georreferenciación de 989 registros aColección de mariposas aSelección de especímenes aClasificación